[Event "Let's Play Chess!"]
[Site "http://www.queenalice.com/game.php?id=435013"]
[Date "2008.7.18"]
[Round "-"]
[White "krazyking"]
[Black "Philvd"]
[Result "0-1"]
[WhiteElo "1769"]
[BlackElo "2038"]

1. e4 e5 2. Bc4 Nf6 3. d3 c6 4. Nc3 Bb4 5. Bd2 O-O 6. Nf3 d5 7. exd5 cxd5 8. Bb3
Nc6 9. O-O Bg4 10. a3 Bc5 11. h3 Bh5 12. Na4 Bd6 13. c4 Nd4 14. Nxd4 Bxd1 15.
Rfxd1 exd4 16. cxd5 Nxd5 17. Bxd5 Bh2+ 18. Kxh2 Qxd5 19. Bb4 Rfe8 20. Nc5 a5 21.
Bxa5 Rxa5 22. b4 Raa8 23. a4 Re2 24. f3 Qe5+ 25. Kg1 Qg3 0-1

[Event "Let's Play Chess!"]
[Site "http://www.queenalice.com/game.php?id=435069"]
[Date "2008.7.18"]
[Round "-"]
[White "Philvd"]
[Black "Conran"]
[Result "1-0"]
[WhiteElo "1990"]
[BlackElo "1800"]

1. d4 d5 2. c4 c6 3. e3 Nf6 4. Nf3 Bg4 5. Nc3 e6 6. Bd3 Be7 7. O-O O-O 8. h3
Bxf3 9. Qxf3 Nbd7 10. Rd1 Qc7 11. b3 Ne8 12. Bb2 f5 13. Rac1 Qd8 14. cxd5 cxd5
15. Nxd5 exd5 16. Qxd5+ Kh8 17. Bxf5 Nef6 18. Qxb7 Qb6 19. Rc7 Qxb7 20. Rxb7 Nb6
21. Rxe7 1-0

[Event "Let's Play Chess!"]
[Site "http://www.queenalice.com/game.php?id=436308"]
[Date "2008.7.20"]
[Round "-"]
[White "Gil"]
[Black "Philvd"]
[Result "0-1"]
[WhiteElo "2251"]
[BlackElo "2045"]

1. d4 Nf6 2. c4 e6 3. Nc3 c5 4. e3 b6 5. Nf3 Bb7 6. Bd3 Be7 7. O-O O-O 8. Re1 d5
9. cxd5 exd5 10. dxc5 Bxc5 11. Qb3 Nc6 12. Bd2 Re8 13. a3 Ne5 14. Nxe5 Rxe5 15.
Na4 Bd6 16. f4 Re7 17. Rac1 Ne4 18. Bc3 Nxc3 19. Rxc3 Bxf4 20. Qc2 g6 21. Qf2
Be5 22. Rc2 Qd6 23. g3 Qd7 24. Nc3 d4 25. Ne4 dxe3 26. Nf6+ Bxf6 27. Qxf6 Qd5
0-1

[Event "Kingfisher"]
[Site "http://www.queenalice.com/game.php?id=436872"]
[Date "2008.7.21"]
[Round "-"]
[White "decimator"]
[Black "Philvd"]
[Result "1-0"]
[WhiteElo "1981"]
[BlackElo "2097"]

1. d4 f5 2. c4 Nf6 3. Nf3 g6 4. Nc3 Bg7 5. e3 c6 6. c5 O-O 7. Bc4+ Kh8 8. O-O d5
9. cxd6 exd6 10. b4 d5 11. Bb3 Ne4 12. Ne2 Nd7 13. a4 Ndf6 14. b5 Bh6 15. Ne5
Ng4 16. Nxg4 fxg4 17. Bc2 Ng5 18. Ng3 Be6 19. bxc6 bxc6 20. Ba3 Rf7 21. Bd3 Qf6
22. Bd6 Bg7 23. Rb1 Bc8 24. Be5 Qe7 25. Bxg7+ Kxg7 26. Qc2 Qf6 27. Qc5 h5 28.
Ne2 Nf3+ 29. gxf3 gxf3 30. Nf4 Qg5+ 31. Kh1 Rxf4 32. Rg1 Rg4 33. Rxg4 Bxg4 34.
Rg1 Qf6 35. a5 Kh6 36. Qc1 Rf8 37. h3 Qh4 38. Rg3 Rf6 39. Bf1 g5 40. Qc5 Bxh3
41. Bxh3 g4 42. Qc1 gxh3 43. Qg1 Qe4 44. Kh2 Rg6 45. Rxg6+ Qxg6 46. Qxg6+ Kxg6
47. Kxh3 Kg5 48. Kg3 h4+ 49. Kxf3 Kf5 50. Kg2 Ke4 51. f4 1-0

[Event "Let's Play Chess!"]
[Site "http://www.queenalice.com/game.php?id=439030"]
[Date "2008.7.26"]
[Round "-"]
[White "elche"]
[Black "Philvd"]
[Result "0-1"]
[WhiteElo "1704"]
[BlackElo "2043"]

1. e4 c6 2. d4 d5 3. Nc3 dxe4 4. Nxe4 Bf5 5. Ng3 Bg6 6. Nf3 Nd7 7. Bc4 Ngf6 8.
Nh4 e6 9. Nxg6 hxg6 10. Be3 Bd6 11. Bg5 Qa5+ 12. c3 Qxg5 13. Qf3 Qg4 14. Qxg4
Nxg4 0-1

[Event "2d MATCH CANADA VS ARGENTINA "]
[Site "http://www.queenalice.com/game.php?id=458300"]
[Date "2008.9.4"]
[Round "-"]
[White "elrey"]
[Black "Philvd"]
[Result "1-0"]
[WhiteElo "2224"]
[BlackElo "2001"]

1. d4 d5 2. c4 e6 3. Nc3 Nf6 4. cxd5 exd5 5. Bg5 Be7 6. Nf3 c6 7. e3 Bf5 8. Bd3
Bxd3 9. Qxd3 Nbd7 10. O-O O-O 11. Rab1 Rc8 12. Qf5 Ne8 13. Bf4 Nd6 14. Qd3 Nf6
15. Ne5 Nfe4 16. Nxe4 dxe4 17. Qb3 Bf6 18. Rbc1 Qe7 19. Ng4 Rc7 20. Qa3 Nc8 21.
Bxc7 1-0

[Event "AUTO-ADV-970"]
[Site "http://www.queenalice.com/game.php?id=481259"]
[Date "2008.10.22"]
[Round "2"]
[White "Philvd"]
[Black "REUSKING"]
[Result "0-1"]
[WhiteElo "2068"]
[BlackElo "1923"]

1. d4 d5 2. c4 e6 3. Nc3 Nf6 4. Bg5 Be7 5. e3 O-O 6. Nf3 Nbd7 7. Rc1 c6 8. Qc2
dxc4 9. Bxc4 Nd5 10. Bxd5 exd5 11. Bxe7 Qxe7 12. O-O Nf6 13. Na4 Bg4 14. Ne5 Bh5
15. Nc5 Bg6 16. Qb3 Rab8 17. Qa4 a6 18. f3 Bf5 19. Rc3 Nd7 20. Nxa6 Ra8 21. Qb4
Qxb4 22. Nxb4 Nxe5 23. dxe5 Rfe8 24. g4 Bd7 25. Nd3 Rxa2 26. h3 g6 27. f4 Rea8
28. Nc5 Bc8 29. Rb3 b5 30. e4 dxe4 31. Nxe4 Be6 32. Rc3 Rxb2 33. Rxc6 Raa2 34.
Rf2 Rxf2 35. Nxf2 b4 0-1

[Event "AUTO-ADV-970"]
[Site "http://www.queenalice.com/game.php?id=481260"]
[Date "2008.10.22"]
[Round "2"]
[White "REUSKING"]
[Black "Philvd"]
[Result "1-0"]
[WhiteElo "1945"]
[BlackElo "2032"]

1. e4 e5 2. Nf3 Nf6 3. Nxe5 d6 4. Nf3 Nxe4 5. Qe2 Qe7 6. d3 Nf6 7. Bg5 Nbd7 8.
Nc3 c6 9. Qxe7+ Bxe7 10. d4 O-O 11. Bd3 Re8 12. O-O Nb6 13. Rfe1 Be6 14. Bf4
Nfd5 15. Nxd5 Nxd5 16. Bg3 Nb4 17. Red1 Nxd3 18. Rxd3 Rad8 19. c3 Bf6 20. Re1
Bxa2 21. Ra1 Bc4 22. Rdd1 a6 23. Re1 Re6 24. Nd2 Bd3 25. f3 d5 26. Rxe6 fxe6 27.
Re1 Kf7 28. Nb3 Be7 29. Kf2 Rd7 30. h3 b6 31. Nc1 Bb5 32. Ne2 Bxe2 33. Rxe2 a5
34. Bf4 b5 35. Bd2 c5 36. dxc5 Bxc5+ 37. Be3 d4 38. cxd4 Bxd4 39. Bxd4 Rxd4 40.
Rc2 Rb4 41. Ke2 Rb3 42. Rd2 Kf6 43. Kf2 a4 44. Ke2 b4 45. Kf2 a3 46. bxa3 bxa3
47. Kg3 1-0

[Event "AUTO-ADV-970"]
[Site "http://www.queenalice.com/game.php?id=481261"]
[Date "2008.10.22"]
[Round "2"]
[White "Philvd"]
[Black "Pollyanna"]
[Result "0-1"]
[WhiteElo "2046"]
[BlackElo "2102"]

1. c4 c5 2. Nf3 Nf6 3. d4 cxd4 4. Nxd4 Nc6 5. Nc3 e6 6. g3 Qb6 7. Nb3 Ne5 8. Be3
Qc6 9. f3 Nxc4 10. Bd4 e5 11. Bf2 Nxb2 12. Qc2 Na4 13. Rc1 Qxc3+ 0-1

[Event "AUTO-ADV-970"]
[Site "http://www.queenalice.com/game.php?id=481262"]
[Date "2008.10.22"]
[Round "2"]
[White "Pollyanna"]
[Black "Philvd"]
[Result "1-0"]
[WhiteElo "2112"]
[BlackElo "2013"]

1. d4 Nf6 2. Nf3 e6 3. c4 c5 4. g3 cxd4 5. Nxd4 Bb4+ 6. Nc3 Ne4 7. Qd3 Nc5 8.
Qe3 O-O 9. Nc2 Bxc3+ 10. Qxc3 Nc6 11. Bg2 a5 12. Be3 Qe7 13. Rd1 Rd8 14. O-O b6
15. Bf4 Ra7 16. Bd6 1-0